000 00395nam a2200157Ia 4500
005 20250627014934.0
008 240331s9999 xx 000 0 und d
020 _a9552063574
082 _bSAM
_a362
100 _aSamarasinghe,A
245 0 _aKanthawa ha kantha athawara
260 _aColombo
_bS. Godage & Brothers
_c2007
300 _a282 p .,
500 _aA book on Women Abuse
942 _cL
999 _c5233
_d5233